|
|
|
|
| LEADER |
01401nam a2200349 i 4500 |
| 001 |
c000148001 |
| 003 |
CARM |
| 005 |
00000000000000.0 |
| 008 |
760923s1975 xna b 00010 eng d |
| 019 |
1 |
|
|a 1641376
|5 LACONCORD2021
|
| 020 |
|
|
|a 0725902310
|
| 035 |
|
|
|a (OCoLC)27541628
|5 LACONCORD2021
|
| 040 |
|
|
|d NNCU:A
|
| 042 |
|
|
|a anuc
|
| 100 |
1 |
|
|a Cutting, R.D.
|
| 245 |
1 |
0 |
|a Spectroscopic measurement of flame temperature /
|c by R.D. Cutting.
|
| 260 |
|
|
|a Newcastle, N.S.W. :
|b University of Newcastle, Faculty of Engineering, Dept. of Chemical Engineering,
|c [1975].
|
| 300 |
|
|
|a [75] p. in various pagings :
|b ill. ;
|c 30 cm.
|
| 490 |
1 |
|
|a Bulletin, Chem-eng. ;
|v 74.1
|
| 500 |
|
|
|a Flames. Temperature. Measurement. Use of spectroscopy. Reaearch reports (ANB/PRECIS SIN 0096679)
|
| 500 |
|
|
|a Cover title.
|
| 500 |
|
|
|a Processed.
|
| 504 |
|
|
|a Bibliography: p. B/1.
|
| 650 |
|
0 |
|a Flame.
|
| 650 |
|
0 |
|a Temperature.
|
| 650 |
|
0 |
|a Spectroscope.
|
| 710 |
2 |
0 |
|a University of Newcastle (N.S.W.).
|b Dept. of Chemical Engineering.
|
| 830 |
|
|
|a Bulletin (University of Newcastle (N.S.W.). Dept. of Chemical Engineering) ;
|v 74.1.
|
| 852 |
8 |
|
|b CARM
|h A2:AK24C0
|i D03671
|p 0141541
|f BK
|
| 082 |
0 |
4 |
|a 541.361
|
| 999 |
f |
f |
|i 6c7bfe87-7625-5177-946c-40dbfba2fbed
|s eed416ae-0ffd-56b4-bad2-b531223a556a
|
| 952 |
f |
f |
|p Can circulate
|a CAVAL
|b CAVAL
|c CAVAL
|d CARM 1 Store
|e D03671
|f A2:AK24C0
|h Other scheme
|i book
|m 0141541
|